| 000 | 01067cam a22003135a 4500 | ||
|---|---|---|---|
| 005 | 20161108142237.0 | ||
| 008 | 150817t2004 njua|||frb||| 001 0 eng d | ||
| 010 | _a2003272008 | ||
| 020 | _a0471230707 | ||
| 020 | _a9780471230700 | ||
| 040 |
_aEG-ScBUE _beng _cEG-ScBUE |
||
| 082 | 0 | 4 |
_a337 _bSAL _222 |
| 100 | 1 |
_930296 _aSalvatore, Dominick |
|
| 245 | 1 | 0 |
_aInternational economics / _cDominick Salvatore. |
| 250 | _a8th ed. | ||
| 260 |
_aHoboken : _bJ. Wiley, _cc.2004. |
||
| 300 |
_axxxviii, 826 p. : _bill. (some col.), col. ; _c24 cm. |
||
| 500 | _aMap on lining paper. | ||
| 500 | _aGlossary : p. 795-807. | ||
| 500 | _aIncludes indexes. | ||
| 504 | _aIncludes bibliographical references. | ||
| 590 | _adoaa mohamed | ||
| 650 | 0 |
_aInternational economic relations. _2BUEsh |
|
| 651 | _2BUEsh | ||
| 653 |
_bBUSECO _cAugust2015 |
||
| 856 | 4 | 2 |
_3Publisher description _uhttp://www.loc.gov/catdir/description/wiley037/2003272008.html |
| 856 | 4 | 2 |
_3Table of contents _uhttp://www.loc.gov/catdir/toc/wiley032/2003272008.html |
| 942 |
_cBB _k337Sa388 _2ddc |
||
| 999 |
_c4021 _d4021 |
||